000 00765nam a2200265 a 4500
001 000013106
003 DO-SdBNP
005 20221201122603.0
007 ta
008 091120s2001 dr 000 f spa d
020 _a8403092628
040 _aDO-SdBNP
_bspa
_cBNPHU
082 4 _a863.3
_bA323d
_222
100 1 _aAlas Clarin, Leopoldo
_930221
_d1852-1901
245 1 0 _aDoce cuentos /
_cLeopoldo Alas Clarín
260 _aMadrid :
_bGrupo Santillana,
_c2001.
300 _a369 p. ;
_c9 cm.
490 1 _aCristal
_aEspecial
590 _aInventariado, 2022 / DG
650 4 _aCuentos españoles
_93752
650 4 _aLiteratura española
_93860
830 _aCristal
_pEspecial
_982948
910 _aDG/Validado. Control de calidad MFF
942 _2ddc
_cLBS1
999 _c53022
_d53022